| 000 | 00653cam a22002293a 4500 | ||
|---|---|---|---|
| 001 | 20142 | ||
| 003 | PGUSA | ||
| 005 | 20140828083427.0 | ||
| 008 | 061220s2006||||xxu|||||s|||||000 p eng d | ||
| 040 |
_aPGUSA _beng |
||
| 042 | _adc | ||
| 050 | 4 | _aPQ | |
| 100 | 1 |
_aQuental, Antero de, _d1842-1891 |
|
| 245 | 1 | 0 |
_aOs sonetos completos de Anthero de Quental _h[electronic resource] / _cAntero de Quental |
| 260 |
_bProject Gutenberg, _c2006 |
||
| 506 | _aPublic domain in the USA. | ||
| 516 | _aElectronic text | ||
| 653 | _aPortuguese poetry | ||
| 830 | 0 |
_aProject Gutenberg _v20142 |
|
| 856 | 4 | 0 | _uhttp://www.gutenberg.org/ebooks/20142 |
| 942 | _cEB | ||
| 999 |
_c249397 _d249397 |
||